1927 1456 1606 1886 1042 1140 1383 1475 1461 1024 1278 1068 1605 1884 1408 1710 1485 1364 1283 1750 1736 1193 1820 1496 1301 1819 1702 1391 1801 1776 1257 1543 1652 1833 1156 1260 1472 1010 1122 1572 1025 1002 1279 1033 1667 1289 1295 1668 1739 1882 1083 1787 1596 1848 1302 1140 1811 1056 1535 1170 1899 1127 1291 1141 1295 1926 1165 1934 1508 1478 1200 1139 1761 1102 1285 1499 1733 1378 1421 1054 1542 1095 1692 1468 1811 1011 1564 1022 1346 1621 1398 1816 1747 1154 1714 1886 1188 1963 1010 BCNSPRNW ULIB Ver.6.0+V

เปลี่ยนเป็นภาษาไทย

Change to English
 แสดงรายละเอียดบรรณานุกรม
  กลับหน้าหลัก

Brief Record : Get Marc (ISO 2709) : E-mail record : QR code < ปิดหน้าต่าง
LEADER : 00000nam 2200000uu 4500
001    13399129044
003     ULIB
008    250528s2567||||th 000 0 tha d
020    ^a9786169332022
060  4 ^aWG340^bส927น
110 1  ^aสมาคมความดันโลหิตสูงแห่งประเทศไทย
245 0   ^aแนวทางการรักษาโรคความดันโลหิตสูงในเวชปฏิบัติทั่วไป พ.ศ. 2567 =^b2024 Thai Guidelines on the treatment of hypertension /^cสมาคมความดันโลหิตสูงแห่งประเทศไทย
246 3   ^a2024 Thai Guidelines on the treatment of hypertension.
250    ^aพิมพ์ครั้งที่ 1.
260    ^aกรุงเทพฯ :^bสมาคมความดันโลหิตสูงแห่งประเทศไทย,^c2567.
300    ^aก-ฉ, 1-139; i-vi, 140-317 หน้า :^bภาพประกอบสี ;^c25 ซม
505 0  ^aอารัมภบท -- การวัดความดันโลหิต -- การประเมินผู้ป่วยที่เป็นโรคความดันโลหิตสูง -- การป้องกันและควบคุมโรคความดันโลหิตสูงโดยการปรับเปลี่ยนพฤติกรรมชีวิต -- การให้ยารักษาโรคความดันโลหิตสูง -- ความดันโลหิตสูงในผู้ป่วยที่มีโรคร่วม -- การรักษาความดันโลหิตสูงในสตรีตั้งครรภ์ -- การควบคุมความดันโลหิตสูงในผู้ที่จะต้องได้รับการผ่าตัด -- โรคความดันโลหิตสูงในวัยผู้ใหญ่ตอนต้น และ isolated diastolic hypertension -- โรคความดันโลหิตสูงในผู้สูงอายุ และ isolated systolic hypertension -- ความดันโลหิตสูงทุติยภูมิ -- Resistant และ refractory hypertension -- Hypertension crises -- Device-based therapy -- การลดความเสี่ยงในผู้ป่วยที่เป็นโรคความดันโลหิตสูง -- การใช้ telemedicine เพื่อช่วยควบคุมความดันโลหิต -- ยุทธศาสตร์เพื่อพัฒนาการรักษาและการควบคุมความดันโลหิตสูง
650  2 ^aHypertension^xtherapy
650  7 ^aHypertension^xdiagnosis
650  7 ^aความดันเลือดสูง^xการบำบัด
650  7 ^aความดันเลือดสูง^xการวินิจฉัย
710 2  ^aThai hypertension society.
710 2  ^aสมาคมความดันโลหิตสูงแห่งประเทศไทย
945    ^p400^l0^i011689
945    ^p400^l0^i011690
945    ^p400^l0^i011691
999    ^aประนอม เกษจรัล
รายการนี้ยังไม่มีแท็ก
คุณยังไม่ได้ล็อกอิน คุณสามารถมีกิจกรรมร่วมกับเว็บไซต์ได้ แต่ต้องล็อกอินก่อน ::
  ล็อกอิน

รายการสื่อสารสนเทศ

ลำดับที่ ประเภท เลขเรียก/บาร์โค้ด สถานที่ สถานะ
1. วิทยาศาสตร์การแพทย์ และสุขภาพ
หนังสือสำรอง
สถานะ=หนังสือสำรอง
WG340 ส927น ฉ.1 
  Barcode: 011689
ห้องสมุดวิทยาเขตสวรรค์ประชารักษ์
►หนังสือทั่วไป
บนชั้น
2. วิทยาศาสตร์การแพทย์ และสุขภาพ
วิทยาศาสตร์การแพทย์ และสุขภาพ
WG340 ส927น ฉ.2 
  Barcode: 011690
ห้องสมุดวิทยาเขตสวรรค์ประชารักษ์
►หนังสือทั่วไป
บนชั้น
3. วิทยาศาสตร์การแพทย์ และสุขภาพ
วิทยาศาสตร์การแพทย์ และสุขภาพ
WG340 ส927น ฉ.3 
  Barcode: 011691
ห้องสมุดวิทยาเขตสวรรค์ประชารักษ์
►หนังสือทั่วไป
บนชั้น

BibComment


ยังไม่เคยถูกคอมเมนท์

คอมเมนท์ทรัพยากรรายการนี้
  คอมเมนท์: แนวทางการรักษาโ..


 Copyright 2026. Bcnsprnw @Library